| 000 | 01384cam a2200205 4500 | ||
|---|---|---|---|
| 001 | ABS64051 | ||
| 008 | 000000n2001 000 0 eng u | ||
| 035 | _a(Sirsi) u112822 | ||
| 245 | _aBattersea Freehold & Leasehold Co Ltd v Wandsworth LBC | ||
| 260 | _c2001 | ||
| 490 |
_aEstates Gazette _v[2001] 19 EG 148-152(5) |
||
| 520 | _aChD 2 March 2001. Respondents W were the registered proprietors of the disputed land. The land was only accessible via a gate or the garden of a property (no 22) where S had been tenants. The appellant (B) purchased the freehold reversion to no 22, and following its subsequent sale, started proceedings against W seeking possession of the land. B claimed that during their tenancy S had taken over the use of the land and controlled the access of others thus demonstrating intention to possess. B's claim was dismissed on the grounds that S had provided the other tenants of adjoining flats with keys to gain access to the land. B appealed. The appeal was dismissed; by providing keys to other tenants, S demonstrated no intention to exclude access to the disputed land or defeat W's title. | ||
| 590 | _aABS | ||
| 650 | _aBATTERSEA FREEHOLD & LEASEHOLD PROPERTY CO LTD V WANDSWORTH LBC | ||
| 650 | _aADVERSE POSSESSION | ||
| 650 | _aPOSSESSION | ||
| 650 | _aLAND OWNERSHIP | ||
| 690 | _aPROPERTY AND LAND LAW-CASE LAW | ||
| 942 | _n0 | ||
| 999 |
_c67166 _d67166 |
||